[Event "7th Asrian Memorial 2014"]
[Site "Jermuk ARM"]
[Date "2014.06.17"]
[Round "2.8"]
[White "Bagaturov, Giorgi"]
[Black "Movsisyan, Vardan"]
[Result "1-0"]
[WhiteTitle "GM"]
[WhiteElo "2427"]
[BlackElo "2211"]
[WhiteFideId "13600133"]
[BlackFideId "13301799"]
[EventDate "2014.06.16"]

1. Nf3 Nf6 2. c4 g6 3. Nc3 d5 4. cxd5 Nxd5 5. g3 Bg7 6. Bg2 O-O 7. O-O c5 8. Qa4
Nc7 9. d3 Nc6 10. Qh4 Nd4 11. Nxd4 cxd4 12. Ne4 f5 13. Nc5 Qd6 14. Nb3 Ne6 15.
Bg5 Rf7 16. Rfc1 f4 17. Be4 Bd7 18. Nd2 Raf8 19. g4 f3 20. Bxf3 Qe5 21. Ne4 h6
22. Bd2 Rxf3 23. exf3 Rxf3 24. Qxe7 Rxd3 25. Re1 Bc6 26. Ng3 Re3 27. fxe3 Bf8
28. Qh4 Ng5 29. Rf1 Bg7 30. e4 Nxe4 31. Qd8+ Kh7 32. Bf4 Qc5 33. Rac1 Qb5 34.
Nxe4 Bxe4 35. Rc7 d3 36. Qd4 1-0

[Event "7th Asrian Memorial 2014"]
[Site "Jermuk ARM"]
[Date "2014.06.17"]
[Round "2.9"]
[White "Stamboltsyan, Sargis"]
[Black "Petrosian, Davit G."]
[Result "1/2-1/2"]
[BlackTitle "GM"]
[WhiteElo "2190"]
[BlackElo "2425"]
[WhiteFideId "13302086"]
[BlackFideId "13301349"]
[EventDate "2014.06.16"]

1. c4 Nf6 2. g3 c5 3. Bg2 d5 4. Nf3 Nc6 5. O-O e5 6. d3 Be7 7. cxd5 Nxd5 8. Nc3
Nc7 9. Be3 O-O 10. Rc1 b6 11. a3 Bd7 12. Nd2 Rc8 13. Nc4 Kh8 14. Bxc6 Bxc6 15.
Nxe5 Ba8 16. Qb3 Nd5 17. Bd2 Bf6 18. Ng4 Bd4 19. e4 Ne7 20. Ne2 Qd7 21. Nxd4
Qxg4 22. f3 Qd7 23. Ne2 Rcd8 24. Nf4 Ng6 25. Rcd1 Bc6 26. Qc3 Bb5 27. Nd5 Bc6
28. Nf4 Bb5 29. Nd5 Bc6 30. Nf4 1/2-1/2

[Event "7th Asrian Memorial 2014"]
[Site "Jermuk ARM"]
[Date "2014.06.17"]
[Round "2.10"]
[White "Hayrapetyan, Hovik"]
[Black "Manukyan, Sargis A."]
[Result "1-0"]
[WhiteTitle "GM"]
[WhiteElo "2420"]
[BlackElo "2158"]
[WhiteFideId "13302639"]
[BlackFideId "13303970"]
[EventDate "2014.06.16"]

1. d4 d5 2. c4 e6 3. Nc3 Nf6 4. Bg5 Be7 5. e3 O-O 6. Nf3 h6 7. Bh4 b6 8. Rc1 Bb7
9. Bxf6 Bxf6 10. cxd5 exd5 11. b4 c5 12. bxc5 bxc5 13. dxc5 Nd7 14. Be2 Nxc5 15.
O-O Ne6 16. Nb5 Qa5 17. Rc2 Rac8 18. Nd6 Rxc2 19. Qxc2 Ba6 20. Rd1 Rd8 21. Bxa6
Qxa6 22. Nf5 Rc8 23. Qb1 Nc5 24. Rxd5 Ne4 25. h4 Qe6 26. Ra5 Qb6 27. Rb5 Qc6 28.
Rb8 Nc3 29. Qb7 Qxb7 30. Rxb7 Rc5 31. Nd6 Ra5 32. Rb8+ Kh7 33. Nxf7 Rxa2 34.
N3e5 Bxe5 35. Nxe5 Ne4 36. Nd3 a5 37. h5 Rd2 38. Nf4 Rd1+ 39. Kh2 Nxf2 40. Ng6
Rh1+ 41. Kg3 Rxh5 42. Nf8+ Kg8 43. Nd7+ Kf7 44. Kxf2 Ke6 45. Rb7 Rf5+ 46. Ke2
Kd6 47. Nb8 Rg5 48. Kf3 Rf5+ 49. Ke4 Rg5 50. Na6 Rxg2 51. Rb6+ Kd7 52. Nc5+ Kc7
53. Ra6 h5 54. Ne6+ Kd7 55. Kf3 Rg1 56. Nxg7 h4 57. Nf5 h3 58. Rh6 Rf1+ 59. Kg4
Rg1+ 60. Ng3 a4 61. Kxh3 a3 62. Ra6 Ra1 63. Kg2 a2 64. Kf2 Kc7 65. Ne2 1-0

[Event "7th Asrian Memorial 2014"]
[Site "Jermuk ARM"]
[Date "2014.06.17"]
[Round "2.11"]
[White "Ghvamberia, Nika"]
[Black "Nadanian, Ashot"]
[Result "0-1"]
[BlackTitle "IM"]
[WhiteElo "2150"]
[BlackElo "2416"]
[WhiteFideId "13602128"]
[BlackFideId "13300393"]
[EventDate "2014.06.16"]

1. c4 Nf6 2. Nf3 c5 3. Nc3 e6 4. d4 d5 5. e3 Nc6 6. Bd3 a6 7. cxd5 exd5 8. h3
Bd6 9. O-O O-O 10. Bd2 Re8 11. Re1 h6 12. Rc1 c4 13. Bb1 Bb4 14. Ne2 Bf8 15. Nc3
b5 16. e4 dxe4 17. Nxe4 Bf5 18. Nxf6+ Qxf6 19. d5 Bxb1 20. Rxb1 Nb4 21. Bc3 Qf5
22. Nh4 Qxd5 23. Bxb4 Qxd1 24. Rexd1 Bxb4 25. Rd7 Re2 26. Rd5 Rae8 27. Nf3 Rc2
28. a3 Ba5 29. Rd6 Re6 30. Rxe6 fxe6 31. Nd4 Rd2 32. Nf3 Rd3 33. Rc1 Rb3 34. Rc2
c3 35. bxc3 Bxc3 36. Ra2 Rb1+ 37. Kh2 Rb2 38. Ra1 Rb3 39. Ra2 a5 40. Kg3 e5 41.
Kg4 g6 42. h4 Rb2 43. Ra1 e4 44. Ng1 Rxf2 45. Rc1 b4 0-1

[Event "7th Asrian Memorial 2014"]
[Site "Jermuk ARM"]
[Date "2014.06.17"]
[Round "2.12"]
[White "Kalashian, David"]
[Black "Nadimifar, Adnan"]
[Result "0-1"]
[WhiteTitle "IM"]
[WhiteElo "2395"]
[BlackElo "2147"]
[WhiteFideId "13302418"]
[BlackFideId "12503720"]
[EventDate "2014.06.16"]

1. e4 c5 2. Nc3 Nf6 3. Nf3 Nc6 4. Bb5 Qc7 5. O-O Nd4 6. Bc4 a6 7. a4 e6 8. h3
Nxe4 9. Nxe4 d5 10. Bxd5 exd5 11. Nc3 Be6 12. d3 Be7 13. Nxd4 cxd4 14. Ne2 Bf6
15. f4 g6 16. f5 gxf5 17. Bf4 Qc6 18. Ng3 Rg8 19. Qe2 Rc8 20. Rac1 Kd7 21. Nh5
Rg6 22. Nxf6+ Rxf6 23. c3 dxc3 24. Rxc3 Qb6+ 25. Be3 d4 26. Rxc8 dxe3 27. Rg8 f4
28. d4 Qb3 29. Rc1 Rg6 30. Rxg6 hxg6 31. a5 g5 32. Rc5 Qb4 33. Qf3 f6 34. Kh2
Kd6 35. Qe2 Qxd4 36. Rc1 Qe4 37. b3 Bd5 38. Rc8 Qe5 39. Kg1 Kd7 40. Rh8 Qe4 41.
Qg4+ Be6 42. Qd1+ Bd5 43. Qg4+ Kc6 44. Qe2 Kc5 45. Rd8 Qb1+ 46. Kh2 Qxb3 47. Rf8
Qc3 48. Rc8+ Bc6 49. Rd8 Qe5 50. Qc2+ Kb4 51. Rd3 Kxa5 52. Rb3 Bb5 53. Kg1 Kb6
54. Rb1 Ka7 55. Kh1 f5 56. Qd1 Qe4 57. Rb2 e2 58. Qg1+ Qe3 59. Rb1 b6 60. h4
gxh4 61. Qe1 h3 62. Qh4 Bc6 63. Ra1 hxg2+ 64. Kh2 f3 65. Qh7+ Bb7 66. Qh4 Qe5+ 0-1

[Event "7th Asrian Memorial 2014"]
[Site "Jermuk ARM"]
[Date "2014.06.17"]
[Round "2.13"]
[White "Simonyan, Latush"]
[Black "Petrosyan, Manuel"]
[Result "0-1"]
[BlackTitle "FM"]
[WhiteElo "1820"]
[BlackElo "2378"]
[WhiteFideId "13307444"]
[BlackFideId "13300857"]
[EventDate "2014.06.16"]

1. e4 c5 2. Nf3 e6 3. d4 cxd4 4. Nxd4 a6 5. Nc3 b5 6. Be2 Bb7 7. O-O Ne7 8. Bf3
Ng6 9. Re1 Nc6 10. a4 b4 11. Nd5 Nce5 12. Bh5 Bc5 13. Nb3 Ba7 14. Nf4 O-O 15.
Nd3 Qh4 16. Nbc5 Bc6 17. Bxg6 fxg6 18. Be3 Ng4 19. h3 Nxe3 20. fxe3 Bxe4 21. Qg4
Qxg4 22. hxg4 Bxd3 23. Nxd3 Rac8 24. Re2 a5 25. Rd1 d5 26. Kh1 Rc4 27. Nf4 Re4
28. Rde1 d4 29. Nd3 dxe3 0-1

[Event "7th Asrian Memorial 2014"]
[Site "Jermuk ARM"]
[Date "2014.06.17"]
[Round "2.15"]
[White "Hambardzumian, Yuri"]
[Black "Bakhtiari Kish, Mazdak"]
[Result "1-0"]
[WhiteTitle "IM"]
[WhiteElo "2336"]
[BlackElo "2054"]
[WhiteFideId "13302795"]
[BlackFideId "12500950"]
[EventDate "2014.06.16"]

1. d4 Nf6 2. c4 e6 3. Nf3 d5 4. Nc3 Be7 5. Bg5 h6 6. Bxf6 Bxf6 7. e3 O-O 8. Be2
dxc4 9. Bxc4 Nd7 10. O-O c6 11. e4 Re8 12. e5 Be7 13. Qd3 b6 14. Rfd1 Bb7 15.
Rac1 a6 16. Qe4 Qb8 17. Bd3 Nf8 18. Qg4 c5 19. Ne4 Ng6 20. Ng3 cxd4 21. Bxg6
fxg6 22. Re1 Bb4 23. Ne4 g5 24. Red1 Bd5 25. h4 Rf8 26. hxg5 h5 27. Qxh5 Rxf3
28. g6 Rf5 29. Nf6+ 1-0

[Event "7th Asrian Memorial 2014"]
[Site "Jermuk ARM"]
[Date "2014.06.18"]
[Round "3.1"]
[White "Pashikian, Arman"]
[Black "Hayrapetyan, Hovik"]
[Result "1-0"]
[WhiteTitle "GM"]
[BlackTitle "GM"]
[WhiteElo "2630"]
[BlackElo "2420"]
[WhiteFideId "13301578"]
[BlackFideId "13302639"]
[EventDate "2014.06.16"]

1. d4 d5 2. c4 e6 3. Nc3 Nf6 4. Nf3 Be7 5. Bf4 O-O 6. e3 b6 7. Bd3 dxc4 8. Bxc4
Bb7 9. O-O a6 10. Qe2 b5 11. Bd3 Nbd7 12. Rfd1 Re8 13. Rac1 Bd6 14. Bg5 h6 15.
Bh4 Qe7 16. Be4 c6 17. Bb1 g5 18. Bg3 Bxg3 19. hxg3 c5 20. dxc5 Nxc5 21. b4 Nce4
22. Nxe4 Bxe4 23. Bxe4 Nxe4 24. Ne5 Qf6 25. Nd7 Qg7 26. Qf3 f5 27. g4 Qf7 28.
Nc5 Nxc5 29. Rxc5 fxg4 30. Qxg4 Rad8 31. Rxd8 Rxd8 32. Rxg5+ hxg5 33. Qxg5+ 1-0

[Event "7th Asrian Memorial 2014"]
[Site "Jermuk ARM"]
[Date "2014.06.18"]
[Round "3.2"]
[White "Nadanian, Ashot"]
[Black "Hovhannisyan, Robert"]
[Result "1/2-1/2"]
[WhiteTitle "IM"]
[BlackTitle "GM"]
[WhiteElo "2416"]
[BlackElo "2601"]
[WhiteFideId "13300393"]
[BlackFideId "13302507"]
[EventDate "2014.06.16"]

1. d4 Nf6 2. c4 e6 3. Nc3 Bb4 4. e3 O-O 5. a3 Bxc3+ 6. bxc3 b6 7. Qf3 Nc6 8. Bd3
Ba6 9. e4 e5 10. Ne2 Ne8 11. Qg3 d6 12. O-O Na5 13. f4 Bxc4 14. Bxc4 Nxc4 15.
Qd3 Na5 16. c4 Nb7 17. Bb2 Nf6 18. Ng3 exd4 19. Qxd4 Re8 20. Rad1 Nc5 21. Rfe1
Ne6 22. Qd2 Nc5 23. Qc2 Nfd7 24. Re3 f6 25. h4 Re6 26. Rde1 Qf8 27. Qd1 Rae8 28.
h5 Qf7 29. Qf3 h6 30. Nf5 Kh7 31. Nh4 R6e7 32. Nf5 Re6 33. Nd4 R6e7 34. Nc6 Re6
35. Nxa7 f5 36. e5 dxe5 37. fxe5 g5 38. hxg6+ Qxg6 39. Nb5 f4 40. Qxf4 Nd3 41.
Rxd3 Qxd3 42. Qf7+ Kh8 43. Nxc7 Qd2 44. Rf1 Rf8 45. Qxe6 Qe3+ 46. Kh2 Rxf1 47.
Nd5 Qg1+ 48. Kh3 Qh1+ 49. Kg3 Rf8 50. Qh3 Rg8+ 51. Kf2 Rf8+ 52. Kg3 Rg8+ 53. Kf2
Rf8+ 54. Kg3 1/2-1/2

[Event "7th Asrian Memorial 2014"]
[Site "Jermuk ARM"]
[Date "2014.06.18"]
[Round "3.3"]
[White "Petrosyan, Manuel"]
[Black "Grigoryan, Karen H."]
[Result "1/2-1/2"]
[WhiteTitle "FM"]
[BlackTitle "GM"]
[WhiteElo "2378"]
[BlackElo "2577"]
[WhiteFideId "13300857"]
[BlackFideId "13301004"]
[EventDate "2014.06.16"]

1. Nf3 Nf6 2. c4 g6 3. g3 Bg7 4. Bg2 O-O 5. O-O d6 6. d4 Nc6 7. Nc3 a6 8. b3 Rb8
9. Bb2 b5 10. cxb5 axb5 11. d5 Na7 12. Nd4 b4 13. Na4 e5 14. dxe6 fxe6 15. Qc2
c5 16. Nf3 Qe7 17. Rad1 Nb5 18. Ng5 Bd7 19. Qd3 Rfd8 20. h4 h6 21. Nh3 Qf7 22.
Nf4 e5 23. Nxg6 e4 24. Bxe4 Nxe4 25. Qxe4 Re8 26. Qd5 Be6 27. Qh5 Bf5 28. Nf4
Qxh5 29. Nxh5 Bxb2 30. Nxb2 Rxe2 31. Nc4 Rxa2 32. Nxd6 Bc2 33. Nf6+ Kh8 34. Nxb5
Rxb5 35. Rd7 Rba5 36. g4 c4 37. Kh2 Ra1 38. Rxa1 Rxa1 39. bxc4 b3 40. Rb7 Ra2
41. Nd5 b2 42. Rb8+ Kg7 43. Rb7+ Kf8 44. Rb8+ Kf7 45. Rb7+ Ke8 46. Nc3 Ra3 47.
Nb1 Bxb1 48. Rxb2 Bd3 49. Rb6 1/2-1/2

[Event "7th Asrian Memorial 2014"]
[Site "Jermuk ARM"]
[Date "2014.06.18"]
[Round "3.4"]
[White "Tabatabaei, M.amin"]
[Black "Aghasaryan, Robert"]
[Result "1/2-1/2"]
[WhiteTitle "FM"]
[BlackTitle "GM"]
[WhiteElo "2345"]
[BlackElo "2502"]
[WhiteFideId "12521213"]
[BlackFideId "13302841"]
[EventDate "2014.06.16"]

1. d4 d5 2. c4 e6 3. Nc3 Be7 4. cxd5 exd5 5. Bf4 c6 6. e3 Bf5 7. g4 Be6 8. h4
Bxh4 9. Qb3 g5 10. Bh2 Qb6 11. Nf3 Bxg4 12. Nxh4 Qxb3 13. axb3 gxh4 14. Be5 f6
15. Bxb8 Rxb8 16. Rxh4 h5 17. Rxa7 Ne7 18. Be2 Nf5 19. Rh1 Bxe2 20. Nxe2 h4 21.
Nf4 Kd7 22. Ke2 Nd6 23. Raa1 Rbg8 24. Rag1 Rxg1 25. Rxg1 h3 26. Rh1 h2 27. f3
Kc7 28. Kf2 Kb6 29. Nd3 Nf5 30. Nb4 Kb5 31. Nc2 c5 32. dxc5 Kxc5 33. Kg2 d4 34.
exd4+ Nxd4 35. Nxd4 Kxd4 36. Rxh2 Rxh2+ 37. Kxh2 b5 38. Kg3 b4 39. Kf4 Kd3 40.
Kf5 Kc2 41. Kxf6 Kxb3 42. f4 Kxb2 43. f5 b3 1/2-1/2

[Event "7th Asrian Memorial 2014"]
[Site "Jermuk ARM"]
[Date "2014.06.18"]
[Round "3.5"]
[White "Nadimifar, Adnan"]
[Black "Bagaturov, Giorgi"]
[Result "1-0"]
[BlackTitle "GM"]
[WhiteElo "2147"]
[BlackElo "2427"]
[WhiteFideId "12503720"]
[BlackFideId "13600133"]
[EventDate "2014.06.16"]

1. d4 Nf6 2. c4 e6 3. Nc3 c5 4. d5 exd5 5. cxd5 d6 6. e4 g6 7. Bf4 a6 8. a4 Bg7
9. Nf3 O-O 10. Bd3 Qe7 11. O-O Nbd7 12. h3 b6 13. Bh2 Ne8 14. Qb3 Rb8 15. Rfe1
Ne5 16. Nxe5 dxe5 17. Nb1 Nd6 18. Qc2 f5 19. Nd2 f4 20. Be2 h5 21. a5 Nb5 22.
Bxb5 axb5 23. Rec1 f3 24. Nxf3 Rxf3 25. gxf3 Bxh3 26. Kh1 Qf8 27. Qe2 bxa5 28.
Rxa5 Rb6 29. Rg1 Qf7 30. Rg3 Bc8 31. Ra8 Qb7 32. Ra1 Kh7 33. Rg5 Qe7 34. Rag1
Bg4 35. fxg4 Qxg5 36. gxh5 Qh4 37. hxg6+ Rxg6 38. Rxg6 Kxg6 39. Qf3 c4 40. Kg2
Qg5+ 41. Bg3 b4 42. d6 Bf6 43. d7 Be7 44. Qe2 c3 45. bxc3 bxc3 46. Qc4 Bd8 47.
Qxc3 Kf6 48. Qc6+ Ke7 49. Qd5 Bc7 50. d8=Q+ Bxd8 51. Qxe5+ Qxe5 52. Bxe5 1-0

[Event "7th Asrian Memorial 2014"]
[Site "Jermuk ARM"]
[Date "2014.06.18"]
[Round "3.6"]
[White "Ter-Sahakyan, Samvel"]
[Black "Hambardzumian, Yuri"]
[Result "1-0"]
[WhiteTitle "GM"]
[BlackTitle "IM"]
[WhiteElo "2587"]
[BlackElo "2336"]
[WhiteFideId "13302531"]
[BlackFideId "13302795"]
[EventDate "2014.06.16"]

1. e4 e5 2. Nf3 Nc6 3. Bb5 a6 4. Ba4 Nf6 5. O-O Be7 6. Re1 b5 7. Bb3 O-O 8. h3
Bb7 9. d3 d5 10. exd5 Nxd5 11. Nbd2 Nf4 12. Ne4 g5 13. h4 h6 14. hxg5 hxg5 15.
Nfxg5 Bxg5 16. Qg4 Bc8 17. Qxg5+ Qxg5 18. Nxg5 Nd4 19. Bxf4 exf4 20. Re4 c5 21.
Bd5 Ra7 22. c3 Nf5 23. Rxf4 Rd8 24. Bxf7+ Rxf7 25. Nxf7 Kxf7 26. g4 Rxd3 27.
gxf5 Kf6 28. Re1 Bxf5 29. Re3 Rd1+ 30. Kg2 Kg5 31. Rff3 Rd5 32. Re8 a5 33. Rg8+
Kf6 34. Rf8+ Ke6 35. R3xf5 Rxf5 36. Rxf5 Kxf5 37. Kf3 a4 38. Ke3 Ke5 39. f4+ Kf5
40. a3 1-0

[Event "7th Asrian Memorial 2014"]
[Site "Jermuk ARM"]
[Date "2014.06.18"]
[Round "3.7"]
[White "Kotanjian, Tigran"]
[Black "Matevosyan, Sedrak"]
[Result "0-1"]
[WhiteTitle "GM"]
[WhiteElo "2546"]
[BlackElo "2233"]
[WhiteFideId "13301250"]
[BlackFideId "13302035"]
[EventDate "2014.06.16"]

1. Nf3 Nf6 2. c4 e6 3. g3 b6 4. Bg2 Bb7 5. d4 Bb4+ 6. Bd2 Bxd2+ 7. Nbxd2 O-O 8.
O-O d6 9. Re1 Nbd7 10. e4 e5 11. d5 c6 12. Nf1 Nc5 13. N3d2 b5 14. cxb5 cxd5 15.
exd5 a6 16. Nb3 Na4 17. bxa6 Rxa6 18. Qd2 Qa8 19. Ne3 Nb6 20. Red1 Rb8 21. Rac1
Rxa2 22. Nf5 Qa4 23. Nxg7 Qg4 24. Na5 Kxg7 25. Bh3 Qh5 26. Nc6 Re8 27. Bg2 Nbd7
28. Nb4 Ra4 29. b3 Raa8 30. Rc7 Nc5 31. Nc6 Ra2 32. Qe1 Ng4 33. h3 Nxf2 34. Rd2
Ncd3 35. Qe3 Ra1+ 36. Bf1 Nxh3+ 37. Kg2 Ne1+ 0-1

[Event "7th Asrian Memorial 2014"]
[Site "Jermuk ARM"]
[Date "2014.06.18"]
[Round "3.8"]
[White "Babujian, Levon"]
[Black "Sibashvili, Giorgi"]
[Result "1-0"]
[WhiteTitle "GM"]
[WhiteElo "2482"]
[BlackElo "2274"]
[WhiteFideId "13301993"]
[BlackFideId "13602799"]
[EventDate "2014.06.16"]

1. d4 Nf6 2. c4 e6 3. Nc3 Bb4 4. Nf3 O-O 5. Bg5 c5 6. d5 exd5 7. cxd5 d6 8. e3
h6 9. Bh4 Nbd7 10. Bd3 Nb6 11. e4 g5 12. Nxg5 hxg5 13. Bxg5 Qe7 14. O-O Qe5 15.
f4 Qd4+ 16. Kh1 Ng4 17. f5 Ne5 18. Qh5 f6 19. Bh6 Rf7 20. Rf3 Bxf5 21. exf5 Nxf3
22. gxf3 Rh7 23. Ne2 1-0

[Event "7th Asrian Memorial 2014"]
[Site "Jermuk ARM"]
[Date "2014.06.18"]
[Round "3.9"]
[White "Harutyunian, Tigran K."]
[Black "Stamboltsyan, Sargis"]
[Result "1-0"]
[WhiteTitle "IM"]
[WhiteElo "2436"]
[BlackElo "2190"]
[WhiteFideId "13303635"]
[BlackFideId "13302086"]
[EventDate "2014.06.16"]

1. Nf3 Nf6 2. c4 g6 3. d4 c5 4. Nc3 Bg7 5. e4 cxd4 6. Nxd4 d6 7. Be2 Nc6 8. Be3
O-O 9. O-O Bd7 10. Rc1 a6 11. Nb3 Ne5 12. Nd5 Nxd5 13. cxd5 Ba4 14. Qd2 Bxb3 15.
axb3 Nd7 16. Bg4 Nf6 17. Bf3 Re8 18. Rc4 e6 19. Rfc1 exd5 20. exd5 Nd7 21. Be2
b5 22. Rc6 Ne5 23. R6c2 Qh4 24. h3 Qe4 25. Rc7 Bf6 26. Bf1 h5 27. Bh6 Qf5 28. f4
Nd7 29. Bd3 Qxd5 30. Rxd7 Bd4+ 31. Kh1 Be3 32. Qc3 Bd4 33. Qc2 Rac8 34. Qxc8
Rxc8 35. Rxc8+ Kh7 36. Rcc7 Kg8 37. Bxg6 1-0

[Event "7th Asrian Memorial 2014"]
[Site "Jermuk ARM"]
[Date "2014.06.18"]
[Round "3.10"]
[White "Petrosian, Davit G."]
[Black "Gharagyozyan, Artur"]
[Result "0-1"]
[WhiteTitle "GM"]
[WhiteElo "2425"]
[BlackElo "2194"]
[WhiteFideId "13301349"]
[BlackFideId "13303279"]
[EventDate "2014.06.16"]

1. e4 d5 2. exd5 Qxd5 3. Nc3 Qd6 4. g3 Nf6 5. Bg2 c6 6. d4 Bg4 7. Nge2 e6 8. O-O
Na6 9. a3 Nc7 10. b4 a5 11. Rb1 axb4 12. axb4 Bxe2 13. Nxe2 Be7 14. c4 O-O 15.
b5 cxb5 16. Bxb7 Rab8 17. c5 Qd7 18. c6 Qd8 19. Nc3 Nfd5 20. Bd2 Nxc3 21. Bxc3
Nd5 22. Bd2 b4 23. Qb3 Qb6 24. Rfc1 Bd6 25. Rc4 Qc7 26. Re1 Rbe8 27. Qf3 Kh8 28.
Kg2 f5 29. Rxe6 Rxe6 30. Qxd5 Re2 31. Bxb4 Bxb4 32. Rxb4 f4 33. Qf3 Qe7 34. gxf4
Rd2 35. Rc4 Qf7 36. d5 Qg6+ 37. Qg3 Qb1 38. Qa3 Re8 39. Qf3 Re1 40. h3 Rh1 41.
Kg3 0-1

[Event "7th Asrian Memorial 2014"]
[Site "Jermuk ARM"]
[Date "2014.06.18"]
[Round "3.11"]
[White "Igonin, Temur"]
[Black "Martirosyan, Haik M."]
[Result "1/2-1/2"]
[WhiteTitle "FM"]
[BlackTitle "FM"]
[WhiteElo "2192"]
[BlackElo "2311"]
[WhiteFideId "14203049"]
[BlackFideId "13306553"]
[EventDate "2014.06.16"]

1. e4 c5 2. Nf3 e6 3. d4 cxd4 4. Nxd4 a6 5. Bd3 Qc7 6. O-O Nf6 7. Qe2 d6 8. c4
g6 9. Nc3 Bg7 10. Rd1 O-O 11. Nf3 Nc6 12. Bf4 e5 13. Be3 Bg4 14. Bc2 Nd4 15.
Bxd4 exd4 16. Rxd4 Nd7 17. Nd5 Qc5 18. Rdd1 Ne5 19. Ne3 Bxf3 20. gxf3 Nc6 21.
Nd5 Rae8 22. Qe3 Bd4 23. Qf4 Bxb2 24. Rab1 Be5 25. Nf6+ Bxf6 26. Qxf6 Re6 27.
Qc3 Qg5+ 28. Kh1 Ne5 29. Rg1 Qh4 30. Rg3 Re7 31. Qd4 Qf4 32. Bd1 Rc8 33. Be2 h5
34. Qd5 h4 35. Rg2 Kh7 36. Qxd6 Rd7 37. Qa3 Rd2 38. Re1 b5 39. c5 g5 40. h3 Rc6
41. Qe3 Qxe3 42. fxe3 Rxc5 43. Bd1 Rxg2 44. Kxg2 Rc1 45. f4 gxf4 46. exf4 Nd3
47. Rf1 Ra1 48. Bb3 Rxf1 49. Kxf1 Nxf4 50. Bxf7 Nxh3 51. Bb3 Kg6 52. a4 bxa4 53.
Bxa4 Kf6 54. Kg2 Ng5 55. Bc6 Ke5 56. Kh2 a5 57. Kg2 Kd6 58. Be8 Kc5 59. Bd7 Kb4
60. Bc6 a4 61. e5 a3 62. Bd5 Kc5 63. Bb3 h3+ 64. Kg3 h2 65. Kg2 Nf3 66. e6 Kd6
67. Ba2 Ke7 68. Kh1 Kf6 69. Kg2 Ke7 70. Kh1 Kd8 71. Kg2 Ke8 72. Kh1 Kf8 73. Kg2
Ke7 74. Kh1 Kd6 75. Kg2 Nd4 76. Kxh2 Nxe6 77. Kg3 Nd4 78. Kf2 Nc2 79. Ke2 Nb4
80. Bb3 Kc5 81. Kd2 Kd4 82. Bg8 Nc2 83. Kxc2 a2 84. Kb2 a1=Q+ 85. Kxa1 1/2-1/2

[Event "7th Asrian Memorial 2014"]
[Site "Jermuk ARM"]
[Date "2014.06.18"]
[Round "3.12"]
[White "Barseghyan, Harutyun"]
[Black "Kalashian, David"]
[Result "0-1"]
[BlackTitle "IM"]
[WhiteElo "2085"]
[BlackElo "2395"]
[WhiteFideId "13304585"]
[BlackFideId "13302418"]
[EventDate "2014.06.16"]

1. d4 c6 2. c4 g6 3. Nc3 Bg7 4. e4 d6 5. Nf3 Bg4 6. Be2 Nf6 7. Be3 O-O 8. O-O
Nbd7 9. h3 Bxf3 10. Bxf3 e5 11. d5 c5 12. Rb1 Ne8 13. b4 cxb4 14. Rxb4 b6 15. a4
f5 16. Qe2 f4 17. Bd2 h5 18. Ra1 Nef6 19. a5 bxa5 20. Rb2 Rb8 21. Nb5 a6 22.
Bxa5 Qe7 23. Na7 Rxb2 24. Qxb2 Nc5 25. Nc6 Qd7 26. Bb4 Qb7 27. Qc2 Nfd7 28. Rb1
Qa8 29. Ba5 Nb7 30. Bc7 Ndc5 31. Qb2 Rf7 32. Bb6 Bf8 33. Qa3 Qc8 34. Kh2 Kh7 35.
Rh1 Be7 36. Qa2 Bh4 37. Rf1 Qd7 38. g3 fxg3+ 39. fxg3 Bg5 40. h4 Bh6 41. Qe2 Qe8
42. Bg2 Nd7 43. Rxf7+ Qxf7 44. Bg1 Ndc5 45. Bh3 Nb3 46. Qd3 N7c5 47. Bxc5 Nxc5
48. Qe2 Qf6 49. Bg2 Nb3 50. Bf3 a5 51. Kg2 a4 52. Qd3 Nc5 53. Qe2 Qf8 54. Qa2
Qa8 55. Bd1 a3 56. Bc2 Bc1 57. Kf3 Qf8+ 58. Kg2 Qh6 59. Bb1 Bb2 60. Nd8 Qd2+ 61.
Kh3 Qe1 62. Kh2 Qf2+ 63. Kh1 Qxg3 64. Ne6 Nxe6 65. dxe6 Qh3+ 66. Kg1 Bd4+ 0-1

[Event "7th Asrian Memorial 2014"]
[Site "Jermuk ARM"]
[Date "2014.06.18"]
[Round "3.13"]
[White "Torosyan, Norayr"]
[Black "Arutjunian, Babken"]
[Result "1-0"]
[WhiteElo "2322"]
[BlackElo "2067"]
[WhiteFideId "13300431"]
[BlackFideId "4187199"]
[EventDate "2014.06.16"]

1. e4 c5 2. Nf3 d6 3. d4 cxd4 4. Nxd4 Nf6 5. Nc3 Bd7 6. Bg5 e6 7. Qd2 Be7 8.
O-O-O a6 9. f4 Nc6 10. Nf3 Qc7 11. e5 dxe5 12. fxe5 Nd5 13. Nxd5 exd5 14. Bxe7
Nxe7 15. Bd3 O-O-O 16. Rde1 Nc6 17. Rhf1 h6 18. Qf4 Be6 19. Nd4 Nxd4 20. Qxd4
Kb8 21. Re3 Rc8 22. Kb1 Rhe8 23. c3 Qc5 24. h4 g6 25. g4 Qxd4 26. cxd4 Rc7 27.
Rg3 Rec8 28. h5 g5 29. a3 Rc6 30. Rgg1 R8c7 31. Rf2 Re7 32. Bc2 Rc4 33. Rd2 Kc8
34. Bb3 Rc6 35. Rf2 Re8 36. Rf6 Rh8 37. Rg2 Kd7 38. Bd1 Ke7 39. Rgf2 Rc4 40. Rd2
Rc6 41. Ba4 Rc7 42. Bd1 Rc6 43. Ba4 Rc7 44. Bb3 Rc6 45. Rdf2 Rc7 46. Bc2 Rc4 47.
Bf5 Bxf5+ 48. R6xf5 Rh7 49. Rd2 Rc6 50. Rc2 Rxc2 51. Kxc2 Rh8 52. Rf6 Rc8+ 53.
Kd3 Rc6 54. Rxc6 bxc6 55. Kc3 a5 56. b4 axb4+ 57. Kxb4 Kd7 58. Kc5 1-0

[Event "7th Asrian Memorial 2014"]
[Site "Jermuk ARM"]
[Date "2014.06.18"]
[Round "3.14"]
[White "Galojan, Lilit"]
[Black "Bakhtiari Kish, Mazdak"]
[Result "1-0"]
[WhiteTitle "IM"]
[WhiteElo "2308"]
[BlackElo "2054"]
[WhiteFideId "13301314"]
[BlackFideId "12500950"]
[EventDate "2014.06.16"]

1. d4 Nf6 2. c4 g6 3. Nc3 Bg7 4. e4 d6 5. f3 O-O 6. Be3 Nbd7 7. Qd2 c5 8. Nge2
Qa5 9. d5 Ne5 10. Nc1 a6 11. Be2 Bd7 12. Nb3 Qb4 13. Nb1 Rfc8 14. Qxb4 cxb4 15.
N1d2 a5 16. Kf2 Be8 17. g4 Ned7 18. f4 a4 19. Nd4 Nc5 20. Kf3 Nfd7 21. Rab1 e5
22. Nb5 exf4 23. Bxc5 dxc5 24. Kxf4 Be5+ 25. Ke3 g5 26. Rhf1 f6 27. h4 gxh4 28.
Nf3 Bg3 29. Rh1 Bg6 30. Nxh4 Bxh4 31. Rxh4 Re8 32. Nd6 Re7 33. Bd3 Ne5 34. Rf1
Ra6 35. Nf5 Bxf5 36. Rxf5 Rg7 37. Be2 Nf7 38. Rh2 Nd6 39. Rf4 b3 40. axb3 axb3
41. Rhf2 Re7 42. Bd3 Ra4 43. Rxf6 Nxc4+ 44. Bxc4 Rxc4 45. Re6 Rxe6 46. dxe6 Ra4
47. Rf5 b6 48. Kf4 Ra8 49. Ke5 c4 50. Kd6 Rd8+ 51. Ke7 Rd4 52. Rg5+ Kh8 53. Kf7 1-0